DNA Vaccines Methods and protocols (Record no. 17073)
[ view plain ]
| 000 -LEADER | |
|---|---|
| fixed length control field | 00299nam a22001217a 4500 |
| 008 - FIXED-LENGTH DATA ELEMENTS--GENERAL INFORMATION | |
| fixed length control field | 140417t xxu||||| |||| 00| 0 eng d |
| 020 ## - INTERNATIONAL STANDARD BOOK NUMBER | |
| International Standard Book Number | 978-1588294845 |
| 100 ## - MAIN ENTRY--PERSONAL NAME | |
| Personal name | W. Mark Saltzman |
| 9 (RLIN) | 826 |
| 245 ## - TITLE STATEMENT | |
| Title | DNA Vaccines Methods and protocols |
| 250 ## - EDITION STATEMENT | |
| Edition statement | second edition |
| 300 ## - PHYSICAL DESCRIPTION | |
| Extent | 384 |
| 942 ## - ADDED ENTRY ELEMENTS (KOHA) | |
| Source of classification or shelving scheme | |
| Koha item type | Book |
| Withdrawn status | Lost status | Source of classification or shelving scheme | Damaged status | Not for loan | Collection code | Permanent Location | Current Location | Date acquired | Total Checkouts | Full call number | Barcode | Date last seen | Price effective from | Koha item type |
|---|---|---|---|---|---|---|---|---|---|---|---|---|---|---|
| Atta-ur-Rahman School of Applied Biosciences (ASAB) | Atta-ur-Rahman School of Applied Biosciences (ASAB) | 04/17/2014 | 615.37 SAL | ASAB1044 | 04/17/2014 | 04/17/2014 | Book | |||||||
| Atta-ur-Rahman School of Applied Biosciences (ASAB) | Atta-ur-Rahman School of Applied Biosciences (ASAB) | 04/17/2014 | 615.37 SAL | ASAB1043 | 04/17/2014 | 04/17/2014 | Book | |||||||
| Atta-ur-Rahman School of Applied Biosciences (ASAB) | Atta-ur-Rahman School of Applied Biosciences (ASAB) | 04/17/2014 | 615.37 SAL | ASAB1041 | 04/17/2014 | 04/17/2014 | Book | |||||||
| Atta-ur-Rahman School of Applied Biosciences (ASAB) | Atta-ur-Rahman School of Applied Biosciences (ASAB) | 04/17/2014 | 615.37 SAL | ASAB1040 | 04/17/2014 | 04/17/2014 | Book | |||||||
| Atta-ur-Rahman School of Applied Biosciences (ASAB) | Atta-ur-Rahman School of Applied Biosciences (ASAB) | 04/17/2014 | 615.37 SAL | ASAB1042 | 04/17/2014 | 04/17/2014 | Book |
